000 00554nam 22001933 4500
001 197531
010 _a972-774-045-6
021 _b143726/99
090 _a197531
100 _a20250812d u||y0pory50 ba
200 _aMarketing do livro
_emateriais para uma sociologia do editor português
_fJorge M. Martins
210 _aOeiras
_cCelta Editora
_d1999
215 _a250 p.
_cbrochado
_d24 cm
606 _98713
_aMarketing
675 _a658.8
_vPT
_zpor
700 _96918
_aMartins
_bJorge
801 _aPT
_bBMMN
_gRPC
830 _cFernando
_fFernando
990 _cLIVROS